000 01030naa a22003137a 4500
001 BR7906856
003 BR-BrBNA
005 20240918174451.0
007 ta
008 230509b bl.||||| |||| 00| 0 por d
040 _aBR-BrBNA
_bpor
_cBiblioteca Nacional de Agricultura
041 _a(Pt)
072 _aL72
_b5250
_b4060
_bG514
090 _aL72 BR7906856
100 1 _aGirao, R.N.
100 1 _aGirao, E.S.
100 1 _aMedeiros, L.P.
245 1 _aIncidencia de helmintos gastrintestinais de caprinos. Microregioes de Campo Maior e Valenca do Piaui [Verminose; Brasil]
260 3 _aTeresina, PI (Brasil):
_c1979.
500 _aColetanea de artigos tecnicos, v. 1 Teresina, PI (Brasil): 1979. p. 74-78 (BR7906856-AM)L72
650 _aCAPRINO
650 _aVERMINOSE
650 _aCAMPO MAIOR
650 _aVALENCA
650 _aPIAUI
773 0 _tColetanea de artigos tecnicos, v. 1
_wL72 BR7906856
_gTeresina, PI (Brasil), 1979. p. 74-78
909 _a202404
_bLucia
_c55
_dLucia Elande
942 _cAM
_2AGRIS
999 _c311457
_d311457